The noble scholar, jurist, historian


 His Excellency Dr. Abdul Wahhab bin Ibrahim Abu Sulaiman, may Allah have mercy on him.


 He was born in Umm Al-Qura in the year 1356 AH.

العلاقة بين الملك عبد العزيز والملك حسين بن علي وضم الحجاز‏ ‏1328-1344 هـ / 1910-1925 / (Record no. 1251)

MARC details
000 -LEADER
fixed length control field 02075cam a22003851i 4500
003 - CONTROL NUMBER IDENTIFIER
control field SA-RiAUC
005 - DATE AND TIME OF LATEST TRANSACTION
control field 20241013080612.0
008 - FIXED-LENGTH DATA ELEMENTS--GENERAL INFORMATION
fixed length control field 241013s2012 su g b f000 0dara c
020 ## - INTERNATIONAL STANDARD BOOK NUMBER
International Standard Book Number 9786038002681
040 ## - CATALOGING SOURCE
Original cataloging agency SA-JeOIC
Language of cataloging ara
Transcribing agency SA-RiAUC.
Description conventions rda
043 ## - GEOGRAPHIC AREA CODE
Geographic area code a-su---
050 #4 - LIBRARY OF CONGRESS CALL NUMBER
Item number 2012 A44
082 04 - DEWEY DECIMAL CLASSIFICATION NUMBER
Classification number 953.105
Assigning agency SA-RiAUC
090 ## - LOCALLY ASSIGNED LC-TYPE CALL NUMBER (OCLC); LOCAL CALL NUMBER (RLIN)
Classification number (OCLC) (R) ; Classification number, CALL (RLIN) (NR) 953.105
Local cutter number (OCLC) ; Book number/undivided call number, CALL (RLIN) آ ل ف
100 1# - MAIN ENTRY--PERSONAL NAME
Personal name آل فائع، أحمد يحيى أحمد
Relator term مؤلف.
245 12 - TITLE STATEMENT
Title العلاقة بين الملك عبد العزيز والملك حسين بن علي وضم الحجاز‏ ‏1328-1344 هـ / 1910-1925 /
Statement of responsibility, etc. ‏أحمد بن يحيى آل فائع.
250 ## - EDITION STATEMENT
Edition statement الطبعة الأولى.
264 #1 - PRODUCTION, PUBLICATION, DISTRIBUTION, MANUFACTURE, AND COPYRIGHT NOTICE
Place of production, publication, distribution, manufacture الرياض :
Name of producer, publisher, distributor, manufacturer ‏دارة الملك عبد العزيز،‏
Date of production, publication, distribution, manufacture, or copyright notice ‏2012‏
300 ## - PHYSICAL DESCRIPTION
Extent 432 صفحة ؛
Dimensions 24 سم.
336 ## - CONTENT TYPE
Content type term نص
Content type code txt
Source rdacontent
Materials specified كتاب
337 ## - MEDIA TYPE
Media type term بدون وسيط
Media type code n
Source rdamedia
338 ## - CARRIER TYPE
Carrier type term مجلد
Carrier type code nc
Source rdacarrier
490 1# - SERIES STATEMENT
Series statement إصدارات دارة الملك عبد العزيز ؛
-- سلسلة الرسائل الجامعية ؛
Volume/sequential designation 272.
-- 38
504 ## - BIBLIOGRAPHY, ETC. NOTE
Bibliography, etc. note ببليوجرافية : صفحة 343-405.
600 17 - SUBJECT ADDED ENTRY--PERSONAL NAME
Personal name ابن سعود، عبد العزيز بن عبد الرحمن بن فيصل،
Titles and other words associated with a name ملك السعودية،
Dates associated with a name 1293-1373 هجري
Source of heading or term aucnm
600 07 - SUBJECT ADDED ENTRY--PERSONAL NAME
Personal name الحسين بن علي بن محمد،
Titles and other words associated with a name ملك الحجاز،
Dates associated with a name 1270-1350 هجري
Source of heading or term aucnm
651 #7 - SUBJECT ADDED ENTRY--GEOGRAPHIC NAME
Geographic name الحجاز (السعودية)
General subdivision تاريخ
Chronological subdivision عبد العزيز بن عبد الرحمن، 1319-1373 هجري
Source of heading or term aucsh
651 #7 - SUBJECT ADDED ENTRY--GEOGRAPHIC NAME
Geographic name الحجاز (مملكة)
General subdivision تاريخ
Chronological subdivision الحسين بن علي، 1334-1342 هجري
Source of heading or term aucsh
830 #0 - SERIES ADDED ENTRY--UNIFORM TITLE
Uniform title إصدارات دارة الملك عبد العزيز
Volume/sequential designation 272
830 #0 - SERIES ADDED ENTRY--UNIFORM TITLE
Uniform title سلسلة الرسائل الجامعية (دارة الملك عبد العزيز)
Volume/sequential designation 38
830 #0 - SERIES ADDED ENTRY--UNIFORM TITLE
Uniform title إصدارات دارة الملك عبد العزيز
Volume/sequential designation 272
830 #0 - SERIES ADDED ENTRY--UNIFORM TITLE
Uniform title سلسلة الرسائل الجامعية (دارة الملك عبد العزيز)
Volume/sequential designation 38
942 ## - ADDED ENTRY ELEMENTS (KOHA)
Source of classification or shelving scheme Dewey Decimal Classification
Koha item type Books
Suppress in OPAC No
949 ## - LOCAL PROCESSING INFORMATION (OCLC)
a SA-JeALM
d 241013
u mohamedma123
n 1
Holdings
Withdrawn status Lost status Source of classification or shelving scheme Damaged status Not for loan Home library Current library Date acquired Total checkouts Full call number Barcode Date last seen Price effective from Koha item type
    Dewey Decimal Classification     DR AbdElwahab Library DR AbdElwahab Library 10/13/2024   953.105 آ ل ف 000001752 10/13/2024 10/13/2024 Books